| 000 | 00764nam a2200217 i 4500 | ||
|---|---|---|---|
| 001 | 145972 | ||
| 003 | ES-MaACL | ||
| 005 | 20250823085851.0 | ||
| 007 | t| | ||
| 008 | 071018s1955 sp ||||1| spa d | ||
| 100 | 1 |
_aVega, Lope de, _d1562-1635 _9113563 |
|
| 245 | 1 | 3 |
_aLa Dorotea / _cLope de Vega ; edición, prólogo y notas de José Manuel Blecua. |
| 260 |
_aMadrid : _bRevista de Occidente ; _aPuerto Rico : _bUniversidad de Puerto Rico, _c[1955] |
||
| 300 |
_a625 p., 10 h. de lám. ; _c19 cm. |
||
| 490 | 1 | _aBiblioteca de cultura básica | |
| 700 | 1 |
_aBlecua, José Manuel. _929459 |
|
| 710 | 2 |
_aUniversidad de Puerto Rico _97273 |
|
| 830 | 1 |
_aBiblioteca de cultura básica _9181999 |
|
| 852 |
_aES-MaACL _jC-9996 |
||
| 999 |
_c145972 _d145972 |
||